00822nam a2200241 i 4500003000900000005001700009007000300026008004100029040003000070082001300100100003700113245006800150264005000218300002700268336002700295337003400322338002800356590002700384910001400411942001400425952012400439999001700563DO-SdBNP20260321073645.0ta110413s198- dr 000 0 spa d aDO-SdBNPbspacBNPHUerda bB7422221 a Bosch, Juan, d1909-200197655510aTrujillo : bcausas de una dictadura sin ejemplo /cJuan Bosch  1aLima, Perú :bPopulibros peruanos,c[198-]. a166 páginas c17 cm. 2rdacontentatextobtxt 2rdamediaasin mediación bn 2rdacarrieravolumenbnc aInventariado, 2023/ YL aYLockward 2ddccLBS1 00102ddc51708PDaBNPHUbBNPHUcCTd2022-05-19eUbi Rivasl0oBNPHU PD B742p2023-6611r2023-10-03w2023-10-03yLBS1 c55049d55049